Tempus

Αποθηκεύτηκε σε:
Λεπτομέρειες βιβλιογραφικής εγγραφής
Συγγραφή απο Οργανισμό/Αρχή: Διεπιστημονικό Ινστιτούτο Περιβαλλοντικών Ερευνών
Μορφή: Περιοδική έκδοση
Γλώσσα:Greek
Δημοσίευση: Θεσσαλονίκη: Διεπιστημονικό Ινστιτούτο Περιβαλλοντικών και Κοινωνικών Ερευνών, 2019.
Θέματα:
Ετικέτες: Προσθήκη ετικέτας
Δεν υπάρχουν, Καταχωρήστε ετικέτα πρώτοι!

MARC

LEADER 00000cas a2200000 a 4500
001 1/123689
008 211011c2019####gr |||||||||||| ||gre||
040 |a GR-MyUa  |b gre  |c GR-MyUa  |e AACR2 
041 0 |a gre 
082 7 |a 306  |2 (23) 
245 0 0 |a Tempus   |c Διεπιστημονικό Ινστιτούτο Περιβαλλοντικών και Κοινωνικών Ερευνών. 
260 |a Θεσσαλονίκη:   |b Διεπιστημονικό Ινστιτούτο Περιβαλλοντικών και Κοινωνικών Ερευνών,  |c 2019.  
300 |a  τ. :   |b εικ. ;   |c 24 εκ.  
310 |a Ετήσιο,   |b 2019-  
500 |a H βιβλιοθήκη του παραρτήματος Ρόδου διαθέτει το τεύχος 1. (2019)-  
650 0 |a Environmental sciences  |x Social aspects. 
650 0 |a Culture  |x Political aspects. 
650 0 |a Politics and culture. 
710 2 |a Διεπιστημονικό Ινστιτούτο Περιβαλλοντικών Ερευνών. 
853 |a INST  |b RHODES  |c SER  |h 306 
920 |a Διεπιστημονικό Ινστιτούτο Περιβαλλοντικών και Κοινωνικών Ερευνών  |y Ρόδος  |z 10/2021 
970 |a Σιδερή   |b Νεκταρία   |z 11-10-2021